Countries with the Most Canadians - Statistics

General Stats
  • This quiz has been taken 317 times
    213 since last reset
  • The average score is 13 of 20
Answer Stats
Country Canadians % Correct
United States 1,062,640
100%
France 60,000
98%
Mexico 5,768
97%
United Kingdom 73,000
96%
Australia 27,289
92%
Germany 15,750
92%
China 319,990
88%
Japan 11,016
85%
New Zealand 7,770
79%
South Korea 14,210
70%
Belgium 4,145
60%
Switzerland 5,243
54%
Philippines 7,500
49%
United Arab Emirates 40,000
47%
Egypt 10,000
43%
Thailand 5,000
43%
Singapore 5,140
41%
Haiti 6,000
17%
Lebanon 45,000
13%
Trinidad and Tobago 5,000
6%
No matching quizzes found
Score Distribution
Percent of People with Each Score
Percentile by Number Answered
Your Score History
You have not taken this quiz since the last reset